change of phyto plannkton biomass in brackish water at royal university of agriculture (បំរែបំរួលប៊ីយ៉ូម៉ាស របស់ប្លង់តុងរុក្ខជាតិក្នុងទឹកភ្លាវនៅសាកលវិទ្យាល័យភូមិន្ទកសិកម្ម) (Record no. 3899)
[ view plain ]
| 000 -LEADER | |
|---|---|
| fixed length control field | 00700nam a22001577a 4500 |
| 003 - CONTROL NUMBER IDENTIFIER | |
| control field | OSt |
| 005 - DATE AND TIME OF LATEST TRANSACTION | |
| control field | 20151203093315.0 |
| 008 - FIXED-LENGTH DATA ELEMENTS--GENERAL INFORMATION | |
| fixed length control field | 151203b xxu||||| |||| 00| 0 eng d |
| 040 ## - CATALOGING SOURCE | |
| Transcribing agency | RUA |
| 082 ## - DEWEY DECIMAL CLASSIFICATION NUMBER | |
| Classification number | FIS HOU 2004 B176 Or.1 |
| 100 ## - MAIN ENTRY--PERSONAL NAME | |
| 9 (RLIN) | 4185 |
| Personal name | HOUR, PENGAN. |
| 245 ## - TITLE STATEMENT | |
| Title | change of phyto plannkton biomass in brackish water at royal university of agriculture (បំរែបំរួលប៊ីយ៉ូម៉ាស របស់ប្លង់តុងរុក្ខជាតិក្នុងទឹកភ្លាវនៅសាកលវិទ្យាល័យភូមិន្ទកសិកម្ម) |
| 260 ## - PUBLICATION, DISTRIBUTION, ETC. (IMPRINT) | |
| Place of publication, distribution, etc. | Phnom Penh |
| Name of publisher, distributor, etc. | RUA |
| Date of publication, distribution, etc. | 2004 |
| 300 ## - PHYSICAL DESCRIPTION | |
| Extent | iv, 45p. |
| Other physical details | ill. |
| Dimensions | 29cm. |
| 942 ## - ADDED ENTRY ELEMENTS (KOHA) | |
| Source of classification or shelving scheme | |
| Koha item type | FIS |
| Price effective from | Date last seen | Permanent Location | Not for loan | Date acquired | Source of classification or shelving scheme | Koha item type | Barcode | Lost status | Damaged status | Shelving location | Withdrawn status | Current Location | Full call number |
|---|---|---|---|---|---|---|---|---|---|---|---|---|---|
| 2015-12-03 | 2015-12-03 | Library Block B | 2015-12-03 | FIS | RUA026685 | B176 | Library Block B | FIS HOU 2004 B176 Or.1 | |||||
| 2015-12-03 | 2015-12-03 | Library Block B | 2015-12-03 | FIS | RUA026293 | B176 | Library Block B | FIS HOU 2004 B176 Or.2 | |||||
| 2015-12-03 | 2015-12-03 | Library Block B | 2015-12-03 | FIS | RUA026432 | B176 | Library Block B | FIS HOU 2004 B176 Or.3 | |||||
| 2015-12-03 | 2015-12-03 | Library Block B | 2015-12-03 | FIS | RUA026676 | B176 | Library Block B | FIS HOU 2004 B176 Or.4 | |||||
| 2015-12-03 | 2015-12-03 | Library Block B | 2015-12-03 | FIS | RUA026746 | B176 | Library Block B | FIS HOU 2004 B176 Or.5 | |||||
| 2015-12-03 | 2015-12-03 | Library Block B | 2015-12-03 | FIS | RUA026613 | B176 | Library Block B | FIS HOU 2004 B176 Or.6 |